Public Square Landscapes (Record no. 14223)
[ view plain ]
| 000 -LEADER | |
|---|---|
| fixed length control field | 00242nam a2200109Ia 4500 |
| 008 - FIXED-LENGTH DATA ELEMENTS--GENERAL INFORMATION | |
| fixed length control field | 260210s9999 xx 000 0 und d |
| 020 ## - INTERNATIONAL STANDARD BOOK NUMBER | |
| International Standard Book Number | 9789881506979 |
| 100 ## - MAIN ENTRY--PERSONAL NAME | |
| Personal name | Gao |
| 245 #0 - TITLE STATEMENT | |
| Title | Public Square Landscapes |
| 260 ## - PUBLICATION, DISTRIBUTION, ETC. | |
| Name of publisher, distributor, etc. | DMPL |
| 942 ## - ADDED ENTRY ELEMENTS (KOHA) | |
| Koha item type | B.PLAN |
| Withdrawn status | Lost status | Damaged status | Not for loan | Permanent Location | Current Location | Shelving location | Date acquired | Barcode | Date last seen | Price effective from | Koha item type |
|---|---|---|---|---|---|---|---|---|---|---|---|
| BMS College of Architecture, Design and Planning | BMS College of Architecture, Design and Planning | General Stacks | 2025-12-03 | AR-UG5079 | 2026-02-10 | 2026-02-10 | B.PLAN |